Afryka/Australia - Statystyki

Ogólne statystyki
  • Ten quiz został rozwiązany 12 razy
  • Średni wynik to 12 z 18
Statystyki odpowiedzi
Państwo Stolica % Poprawnych
Algieria Algier
100%
Egipt Kair
91%
Maroko Rabat
91%
Tunezja Tunis
82%
Etiopia Addis Abeba
73%
Madagaskar Antananarywa
73%
Australia Canberra
73%
Kenia Nairobi
73%
Libia Trypolis
73%
Sudan Chartum
64%
Dem Rep Konga Kinszasa
64%
RPA Pretoria
64%
Nowa Zelandia Wellington
64%
Czad Ndżamena
55%
Angola Luanda
45%
Somalia Mogadiszu
45%
Sudan Poł Dżuba
36%
Mozambik Maputo
36%
Nie znaleziono quizów pasujących do podanych kryteriów
Rozkład punktacji
Procent ludzi z każdym wynikiem
Percentyl według liczby udzielonych odpowiedzi
Twoja historia wyników
Nie rozwiązałeś tego quizu